| 000 | 00617nam a2200169Ia 4500 | ||
|---|---|---|---|
| 020 | _a9694130662 | ||
| 082 |
_a954.91 _bWAH _cL-40, P-61 |
||
| 100 |
_aWaheed Ahmed _946479 |
||
| 245 |
_aThe Nation's Voice: _bannotated speeches and statements May 1942 - October 1944. |
||
| 260 |
_aKarachi: _bQuaid-i-Azam Academy, _c1997. |
||
| 300 |
_a1xxvii, 908p. _bill. _c22 cm |
||
| 500 | _aVol.3 -- Unity, Faith and discipline. | ||
| 526 |
_a0 _b0 _c0 _d954_910000000000000_WAH |
||
| 650 |
_aJinnah, Muhammad Ali,1876-1948 -- Addresses, Essays, Lectures, Etc. _946480 |
||
| 700 |
_aWaheed Ahmad. (ed.). _946481 |
||
| 942 |
_2ddc _cBK |
||
| 999 |
_c549812 _d549812 |
||